Las películas de Robert De Niro /

Gardado en:
Detalles Bibliográficos
Autor Principal: Brode, Douglas (autor)
Formato: Libro
Idioma:Lingua castelá
Publicado: Barcelona, España : Odín, 1996, c1996
Series:(Sesión Continua ; 16)
Temas:
Etiquetas: Engadir etiqueta
Sen Etiquetas, Sexa o primeiro en etiquetar este rexistro!

MARC

LEADER 00000nam^a2200000^a^4500
001 000054223
005 20250521000000.0
009 20260310090502.851
020 |a 84-493-0328-1 
037 |a Acervo ITESO - Biblioteca 
041 |a ESP 
082 |a 302. 2350973  |b BRO 
100 |a Brode, Douglas  |e (autor) 
245 1 4 |a Las películas de Robert De Niro /  |c D. Brode ; tr. por Herminia Bevia, Antonio Resines. 
264 4 |a Barcelona, España :  |b Odín,  |c 1996, c1996 
300 |a 281 p. 
336 |a texto  |b txt  |2 rdacontenido 
337 |a sin mediación  |b n  |2 rdamedio 
338 |a volumen  |b nc  |2 rdasoporte 
440 1 |a (Sesión Continua ;  |v 16) 
500 |a Traducción de: The Films of Robert De Niro 
649 |a XX 
650 |a Actores Norteamericanos -  |x Filmografías 
650 |a Actores Norteamericanos -  |x Historia y Crítica 
650 |a Cine Norteamericano -  |x Historia y Crítica 
650 |a Cine Norteamericano -  |y Siglo XX 
650 |a Medios Audiovisuales 
650 |a Medios de Comunicación 
650 |a Comunicación Visual 
650 |a Comunicación Masiva 
650 |a Niro, Robert de -  |x Filmografías 
910 |a Fondo General 
920 |a Impresos - Libros 
930 |a Colección General 
905 |a 101 
901 |a 0500012822  |b IT1  |c ACC  |u 20250521 
902 |a https://opac.biblio.iteso.mx/vufind/Record/000054223